[Event "Oberliga Ost-playoff"]
[Site "Germany"]
[Date "2003.05.04"]
[Round "12.1"]
[White "Genkin, Michael"]
[Black "Broemel, Richard"]
[Result "1-0"]
[WhiteElo "2296"]
[BlackElo "2198"]
[PlyCount "93"]
[EventDate "2003.05.04"]
[EventType "team-match"]
[EventRounds "1"]
[EventCountry "GER"]
[SourceTitle "EXT 2004"]
[Source "ChessBase"]
[SourceDate "2003.11.25"]
[SourceVersion "1"]
[SourceVersionDate "2003.11.25"]
[SourceQuality "1"]
[WhiteTeam "Wetzlar"]
[BlackTeam "Jena Glas"]
[WhiteTeamCountry "GER"]
[BlackTeamCountry "GER"]

1. e4 c6 2. d4 g6 3. c4 d5 4. exd5 cxd5 5. Nc3 Nf6 6. Qb3 Bg7 7. cxd5 0-0 8. Be2 Nbd7 9. Bf3 Nb6 10. Nge2 Bg4 11. Bxg4 Nxg4 12. a4 Qd7 13. a5 Nc8 14. 0-0 Nd6 15. Bf4 Nf5 16. Ra4 Bh6 17. Be5 f6 18. Bf4 g5 19. Bg3 Nxg3 20. Nxg3 f5 21. Qb5 Qxb5 22. Nxb5 f4 23. Ne4 f3 24. h3 fxg2 25. Kxg2 Nf6 26. Nxf6+ Rxf6 27. Rc4 Rd8 28. Nc3 Rd7 29. Re1 Kf7 30. Re5 Rfd6 31. Kf3 Kg6 32. Kg4 Rf6 33. Re6 Bg7 34. Rxf6+ Bxf6 35. Kf3 h5 36. Ke4 Bg7 37. f3 a6 38. Na4 Rd6 39. Nc5 b5 40. Rc2 Rf6 41. Nd3 g4 42. fxg4 hxg4 43. hxg4 Kg5 44. Rf2 Rh6 45. Ne5 Rh1 46. Rf5+ Kh6 47. Rh5+ 1-0

[Event "Oberliga Ost-B 0203"]
[Site "Germany"]
[Date "2003.03.30"]
[Round "11.1"]
[White "Lutz, Klaus Juergen"]
[Black "Genkin, Michael"]
[Result "0-1"]
[WhiteElo "2316"]
[BlackElo "2296"]
[PlyCount "84"]
[EventDate "2002.10.20"]
[EventType "team"]
[EventRounds "11"]
[EventCountry "GER"]
[SourceTitle "EXT 2004"]
[Source "ChessBase"]
[SourceDate "2003.11.25"]
[SourceVersion "1"]
[SourceVersionDate "2003.11.25"]
[SourceQuality "1"]
[WhiteTeam "Steinbach"]
[BlackTeam "Wetzlar"]
[WhiteTeamCountry "GER"]
[BlackTeamCountry "GER"]

1. e4 c6 2. d4 d5 3. Nc3 dxe4 4. Nxe4 Bf5 5. Ng3 Bg6 6. N1e2 Nf6 7. Nf4 Nd5 8. Nxg6 hxg6 9. Be2 e6 10. c4 Nf6 11. Qb3 Qb6 12. Qxb6 axb6 13. Be3 Bb4+ 14. Kd1 Nbd7 15. Kc2 Bd6 16. a3 Rh4 17. Nf1 Bc7 18. g3 Rh3 19. Bf3 e5 20. Nd2 0-0-0 21. Bg2 Rhh8 22. h3 exd4 23. Bxd4 Ne5 24. Bxe5 Bxe5 25. Nf3 Bd4 26. Ng5 Rhe8 27. Bf3 Bxf2 28. Rad1 Rxd1 29. Rxd1 Re7 30. Rd3 Bxg3 31. Bd1 Bf4 32. Nf3 Rd7 33. b4 Ne4 34. Rd4 Rxd4 35. Nxd4 Nf2 36. Bf3 Be5 37. Nb3 Kc7 38. Bg2 g5 39. b5 g4 40. hxg4 Nxg4 41. Kd3 Bb2 42. a4 Ne5+ 0-1

[Event "Oberliga Ost-B 0203"]
[Site "Germany"]
[Date "2003.03.09"]
[Round "9.1"]
[White "Galdunts, Sergey"]
[Black "Genkin, Michael"]
[Result "1-0"]
[WhiteElo "2496"]
[BlackElo "2296"]
[PlyCount "77"]
[EventDate "2002.10.20"]
[EventType "team"]
[EventRounds "11"]
[EventCountry "GER"]
[SourceTitle "EXT 2004"]
[Source "ChessBase"]
[SourceDate "2003.11.25"]
[SourceVersion "1"]
[SourceVersionDate "2003.11.25"]
[SourceQuality "1"]
[WhiteTeam "Moerlenbach"]
[BlackTeam "Wetzlar"]
[WhiteTeamCountry "GER"]
[BlackTeamCountry "GER"]

1. e4 c5 2. Nf3 d6 3. Bb5+ Bd7 4. Bxd7+ Qxd7 5. c4 Nf6 6. Nc3 g6 7. d4 cxd4 8. Nxd4 Bg7 9. f3 Nc6 10. Nde2 0-0 11. 0-0 Rfc8 12. Be3 Qd8 13. Rb1 Qa5 14. Qd2 Nd7 15. Rfd1 Nce5 16. b3 a6 17. a4 Qd8 18. Kh1 Rab8 19. Ba7 Ra8 20. Bg1 Nf6 21. Qe1 Qe8 22. a5 Rd8 23. Na4 Nfd7 24. Nec3 Rac8 25. Nd5 e6 26. Ndb6 Nxb6 27. Bxb6 Rd7 28. f4 Ng4 29. Rd3 f5 30. Rbd1 Bf8 31. e5 g5 32. exd6 gxf4 33. Nc5 Rxc5 34. Bxc5 e5 35. Rd5 Qh5 36. h3 f3 37. Qg3 Rg7 38. Qxf3 e4 39. Qxf5 1-0

[Event "Oberliga Ost-B 0203"]
[Site "Germany"]
[Date "2003.01.26"]
[Round "5.1"]
[White "Solonar, Stefan"]
[Black "Genkin, Michael"]
[Result "1-0"]
[WhiteElo "2376"]
[BlackElo "2296"]
[PlyCount "81"]
[EventDate "2002.10.20"]
[EventType "team"]
[EventRounds "11"]
[EventCountry "GER"]
[SourceTitle "EXT 2004"]
[Source "ChessBase"]
[SourceDate "2003.11.25"]
[SourceVersion "1"]
[SourceVersionDate "2003.11.25"]
[SourceQuality "1"]
[WhiteTeam "Offenbach"]
[BlackTeam "Wetzlar"]
[WhiteTeamCountry "GER"]
[BlackTeamCountry "GER"]

1. c4 c5 2. Nf3 Nf6 3. Nc3 e6 4. g3 b6 5. Bg2 Bb7 6. 0-0 Be7 7. Re1 0-0 8. e4 d6 9. d4 cxd4 10. Nxd4 Qc8 11. Be3 Nc6 12. Rc1 Nxd4 13. Bxd4 Rd8 14. Re2 Rd7 15. Rd2 Qf8 16. Qa4 Rdd8 17. Rcd1 Nd7 18. f4 Nc5 19. Qc2 Rac8 20. b4 Na6 21. Qb3 d5 22. cxd5 exd5 23. a3 dxe4 24. Nxe4 Bxe4 25. Bxe4 Bf6 26. Bxf6 Rxd2 27. Rxd2 gxf6 28. Qd1 Re8 29. Bc6 Re6 30. Bd7 Re3 31. Bb5 Nc7 32. Kf2 Re7 33. Rd8 Ne8 34. Qg4+ Kh8 35. Qc8 Rc7 36. Qa8 Rc2+ 37. Be2 Kg7 38. Rxe8 Qd6 39. Rg8+ Kh6 40. Qf3 Qd4+ 41. Kg2 1-0

[Event "Oberliga Ost-B 0203"]
[Site "Germany"]
[Date "2002.11.16"]
[Round "2.1"]
[White "Genkin, Michael"]
[Black "Gazic, Josip"]
[Result "1/2-1/2"]
[WhiteElo "2296"]
[BlackElo "2225"]
[PlyCount "168"]
[EventDate "2002.10.20"]
[EventType "team"]
[EventRounds "11"]
[EventCountry "GER"]
[SourceTitle "EXT 2004"]
[Source "ChessBase"]
[SourceDate "2003.11.25"]
[SourceVersion "1"]
[SourceVersionDate "2003.11.25"]
[SourceQuality "1"]
[WhiteTeam "Wetzlar"]
[BlackTeam "Kassel Hermania"]
[WhiteTeamCountry "GER"]
[BlackTeamCountry "GER"]

1. d4 c5 2. d5 Nf6 3. c4 g6 4. Nc3 Bg7 5. e4 d6 6. Be2 0-0 7. Nf3 e6 8. 0-0 exd5 9. cxd5 a6 10. a4 Re8 11. Qc2 Bg4 12. Re1 Nbd7 13. a5 Bxf3 14. Bxf3 b5 15. axb6 Qxb6 16. Ra3 c4 17. Be3 Nc5 18. Rea1 Nfd7 19. Na4 Qb5 20. Bxc5 Nxc5 21. Nxc5 Qxc5 22. Rxa6 Rxa6 23. Rxa6 Qb4 24. g3 Bxb2 25. Kg2 c3 26. h4 h5 27. Kh3 Kg7 28. Kg2 Re7 29. Qd3 Rc7 30. Bd1 Qc4 31. Qxc4 Rxc4 32. Rc6 Rxe4 33. Rxd6 Rd4 34. Bb3 Rb4 35. Bc2 Rd4 36. Bb3 Rb4 37. Bc2 Rb5 38. Kf3 f5 39. Ke2 Ba3 40. Rc6 Bb4 41. Bb3 Bc5 42. Bc2 Bd4 43. d6 Re5+ 44. Kf3 Re8 45. Rc4 Bf6 46. Rc7+ Kh6 47. Rf7 Bg7 48. d7 Rb8 49. Ke3 Bf8 50. Kd4 Bb4 51. Kd5 Ba5 52. Kc4 Rb2 53. Kd3 Rb5 54. Rf6 Rd5+ 55. Kc4 Rxd7 56. Bxf5 Rg7 57. Bc2 Bd8 58. Rd6 Bc7 59. Re6 Bb8 60. Kxc3 Ba7 61. Rf6 Rc7+ 62. Kd2 Rg7 63. Ke2 Bd4 64. Re6 Bc5 65. Kf1 Ba7 66. Kg2 Bd4 67. Be4 Ba7 68. f3 Bb8 69. Kh3 Rg8 70. Rf6 Be5 71. Rc6 Bb8 72. Ra6 Rg7 73. Ra8 Bd6 74. Rh8+ Rh7 75. Re8 Re7 76. Rd8 Re6 77. Bd5 Be7 78. Rg8 Rd6 79. Be4 Kh7 80. Re8 Bd8 81. f4 Kg7 82. f5 Kf7 83. Re6 Rxe6 84. fxe6+ Kf6 1/2-1/2

[Event "Oberliga Ost-B 0203"]
[Site "Germany"]
[Date "2002.10.20"]
[Round "1.1"]
[White "Cicak, Slavko"]
[Black "Genkin, Michael"]
[Result "1/2-1/2"]
[WhiteElo "2534"]
[BlackElo "2296"]
[PlyCount "133"]
[EventDate "2002.10.20"]
[EventType "team"]
[EventRounds "11"]
[EventCountry "GER"]
[SourceTitle "EXT 2004"]
[Source "ChessBase"]
[SourceDate "2003.11.25"]
[SourceVersion "1"]
[SourceVersionDate "2003.11.25"]
[SourceQuality "1"]
[WhiteTeam "Schoeneck"]
[BlackTeam "Wetzlar"]
[WhiteTeamCountry "GER"]
[BlackTeamCountry "GER"]

1. d4 Nf6 2. Nf3 d6 3. Bg5 c5 4. Nc3 cxd4 5. Qxd4 Nc6 6. Qh4 e6 7. 0-0-0 Be7 8. e4 Bd7 9. Nb5 Qb8 10. Bxf6 gxf6 11. Qg3 Ne5 12. Nxe5 fxe5 13. Qg7 Rf8 14. Be2 a6 15. Nc3 b5 16. Rd3 Qb7 17. Bf3 b4 18. Nd1 Bb5 19. Rd2 0-0-0 20. Ne3 Bc6 21. Qg4 Rg8 22. Qh5 Rg6 23. Rhd1 Bxe4 24. Bxe4 Qxe4 25. Qxh7 Qf4 26. Qh5 d5 27. g3 Qf6 28. Qe2 Kb7 29. Ng4 Qg7 30. Nxe5 Bf6 31. f4 Rh6 32. Rd4 Be7 33. c4 bxc3 34. R1d3 Rc8 35. Ra4 Bd6 36. Rxc3 Rxc3+ 37. bxc3 Bxe5 38. Qxa6+ Kc7 39. Qa7+ Kd8 40. Qb6+ Bc7 41. Qc6 Bxf4+ 42. Rxf4 Rxh2 43. Qc5 Ke8 44. Qc8+ Ke7 45. Qc7+ Ke8 46. Ra4 Qg5+ 47. Qf4 Qxf4+ 48. gxf4 Ke7 49. Kb1 f6 50. Ra7+ Kd6 51. Ra6+ Ke7 52. Rb6 Rf2 53. Rb7+ Kd6 54. Rb6+ Kc5 55. Rxe6 Rxf4 56. Kb2 d4 57. cxd4+ Kxd4 58. Rc6 Kd5 59. Rc8 Rc4 60. Re8 Rc7 61. a4 f5 62. Kb3 f4 63. a5 f3 64. Rf8 Ke4 65. Kb4 Ke3 66. a6 f2 67. Ka5 1/2-1/2

[Event "Recklinghausen op 13th"]
[Site "Recklinghausen"]
[Date "2002.08.25"]
[Round "9"]
[White "Genkin, Michael"]
[Black "Kartsev, Soel"]
[Result "1-0"]
[WhiteElo "2296"]
[BlackElo "2203"]
[PlyCount "143"]
[EventDate "2002.08.19"]
[EventType "swiss"]
[EventRounds "9"]
[EventCountry "GER"]
[SourceTitle "CBM 089 Extra"]
[Source "ChessBase"]
[SourceDate "2002.09.10"]
[SourceVersion "2"]
[SourceVersionDate "2002.09.10"]
[SourceQuality "1"]

1. e4 d5 2. exd5 Nf6 3. c4 c6 4. d4 cxd5 5. Nc3 Nc6 6. Nf3 e6 7. c5 Be7 8. Bb5 0-0 9. Bg5 e5 10. Bxc6 exd4 11. Nxd4 Bxc5 12. Bb5 Qb6 13. Be3 a6 14. Be2 Qxb2 15. Qc1 Qb6 16. Rb1 Qa5 17. 0-0 Bb4 18. Nb3 Qd8 19. a3 Bd6 20. Bc5 Bf5 21. Bxd6 Qxd6 22. Ra1 d4 23. Rd1 d3 24. Bf3 Rac8 25. Qd2 b5 26. Rdc1 Rfd8 27. h3 Be6 28. Na5 Qb6 29. Ne4 Nxe4 30. Bxe4 Rc2 31. Rxc2 dxc2 32. Qxc2 Qxa5 33. Bxh7+ Kh8 34. Bd3 b4 35. Qe2 bxa3 36. Qe4 g6 37. Rxa3 Qg5 38. Bf1 a5 39. Qe1 Rd2 40. Qa1+ Kh7 41. Rxa5 Qf4 42. Qe1 Rc2 43. Ra1 Qd2 44. Qxd2 Rxd2 45. g3 Bd5 46. h4 Kg7 47. Bg2 Bxg2 48. Kxg2 f5 49. Kf3 Rd4 50. Ra2 Rc4 51. Re2 Rb4 52. Ke3 Re4+ 53. Kd3 Ra4 54. Rc2 f4 55. g4 Ra3+ 56. Ke4 Rh3 57. Kxf4 Rxh4 58. Kg5 Rh2 59. Rc7+ Kf8 60. f4 Rf2 61. Rc6 Kf7 62. Rf6+ Kg7 63. Rxg6+ Kf7 64. Ra6 Rb2 65. Ra7+ Kg8 66. f5 Rb6 67. f6 Rb4 68. Kf5 Rc4 69. g5 Rb4 70. Kg6 Rb8 71. Rg7+ Kf8 72. Rh7 1-0

[Event "Recklinghausen op 13th"]
[Site "Recklinghausen"]
[Date "2002.08.21"]
[Round "5"]
[White "Genkin, Michael"]
[Black "Becker, Martin Alexander"]
[Result "1/2-1/2"]
[WhiteElo "2296"]
[BlackElo "2189"]
[PlyCount "48"]
[EventDate "2002.08.19"]
[EventType "swiss"]
[EventRounds "9"]
[EventCountry "GER"]
[SourceTitle "CBM 089 Extra"]
[Source "ChessBase"]
[SourceDate "2002.09.10"]
[SourceVersion "2"]
[SourceVersionDate "2002.09.10"]
[SourceQuality "1"]

1. e4 c5 2. Nf3 d6 3. d4 cxd4 4. Nxd4 Nf6 5. Nc3 a6 6. Bg5 e6 7. f4 Qb6 8. Nb3 Be7 9. Qf3 Nbd7 10. 0-0-0 Qc7 11. Bd3 b5 12. a3 Rb8 13. Rhe1 h6 14. Bh4 g5 15. fxg5 Ne5 16. Qe2 Nfd7 17. Qh5 Ng6 18. Bg3 hxg5 19. Qe2 Bf6 20. e5 Ngxe5 21. Ne4 Be7 22. Qd2 Rg8 23. Bf1 d5 24. Nc3 Bd6 1/2-1/2

[Event "Recklinghausen op 13th"]
[Site "Recklinghausen"]
[Date "2002.08.20"]
[Round "4"]
[White "Schaffarczyk, Andre"]
[Black "Genkin, Michael"]
[Result "0-1"]
[WhiteElo "2105"]
[BlackElo "2296"]
[PlyCount "86"]
[EventDate "2002.08.19"]
[EventType "swiss"]
[EventRounds "9"]
[EventCountry "GER"]
[SourceTitle "CBM 089 Extra"]
[Source "ChessBase"]
[SourceDate "2002.09.10"]
[SourceVersion "2"]
[SourceVersionDate "2002.09.10"]
[SourceQuality "1"]

1. e4 c5 2. Nf3 d6 3. d4 cxd4 4. Nxd4 Nf6 5. Nc3 a6 6. Bg5 e6 7. f4 Qb6 8. Nb3 Nbd7 9. Qf3 Qc7 10. 0-0-0 b5 11. a3 Be7 12. g4 h6 13. Bxf6 gxf6 14. f5 Ne5 15. Qh3 Bd7 16. fxe6 fxe6 17. Nd4 Nf7 18. Qf3 Rc8 19. h4 Qc5 20. Bh3 Ne5 21. Qg3 Nc6 22. Nb3 Qe5 23. Qxe5 Nxe5 24. Nd4 Nc6 25. Nde2 Rg8 26. Rhg1 Bf8 27. Rdf1 Ke7 28. Nf4 Ne5 29. Nh5 Bg7 30. Rf2 Ng6 31. Rgf1 Rcf8 32. Nxg7 Rxg7 33. h5 Ne5 34. Rf4 Bc6 35. Ne2 Bb7 36. Nd4 Rg5 37. Nf3 Nxf3 38. R1xf3 e5 39. Rf5 Bxe4 40. Rxg5 fxg5 41. Rxf8 Kxf8 42. c3 d5 43. Kd2 d4 0-1

[Event "Karl Mala Memorial op 06th"]
[Site "Griesheim"]
[Date "2002.08.04"]
[Round "6"]
[White "Schmidt, Danny"]
[Black "Genkin, Michael"]
[Result "1/2-1/2"]
[WhiteElo "2053"]
[BlackElo "2296"]
[PlyCount "26"]
[EventDate "2002.08.??"]
[EventType "swiss"]
[EventRounds "7"]
[EventCountry "GER"]
[SourceTitle "EXT 2003"]
[Source "ChessBase"]
[SourceDate "2002.11.25"]
[SourceVersion "1"]
[SourceVersionDate "2002.11.25"]
[SourceQuality "1"]

1. d4 Nf6 2. c4 g6 3. Nc3 d5 4. Bf4 Bg7 5. e3 0-0 6. Nf3 c5 7. dxc5 Qa5 8. Rc1 dxc4 9. Bxc4 Na6 10. 0-0 Qxc5 11. Nb5 Be6 12. Qb3 Bxc4 13. Rxc4 Qb6 1/2-1/2

[Event "Karl Mala Memorial op 06th"]
[Site "Griesheim"]
[Date "2002.08.03"]
[Round "5"]
[White "Genkin, Michael"]
[Black "Konopka, Michal"]
[Result "1/2-1/2"]
[WhiteElo "2296"]
[BlackElo "2441"]
[PlyCount "72"]
[EventDate "2002.08.??"]
[EventType "swiss"]
[EventRounds "7"]
[EventCountry "GER"]
[SourceTitle "EXT 2003"]
[Source "ChessBase"]
[SourceDate "2002.11.25"]
[SourceVersion "1"]
[SourceVersionDate "2002.11.25"]
[SourceQuality "1"]

1. d4 Nf6 2. Nf3 g6 3. g3 Bg7 4. Bg2 0-0 5. 0-0 d5 6. c4 dxc4 7. Na3 Nc6 8. Nxc4 Be6 9. Nce5 Bd5 10. Bf4 a5 11. Nxc6 Bxc6 12. Be5 Be4 13. Ne1 Bxg2 14. Nxg2 c6 15. Qb3 Qd7 16. a4 Rfd8 17. Rfd1 Nd5 18. Bxg7 Kxg7 19. Ne3 e6 20. Nc4 Qc7 21. Rac1 Nb4 22. Ne5 Qd6 23. Rc5 b6 24. Rcc1 Rac8 25. Qf3 f6 26. Nc4 Qc7 27. Qe4 Re8 28. b3 Rcd8 29. h4 h5 30. Kh2 Na2 31. Rc2 Nb4 32. Rcc1 Re7 33. e3 Rd5 34. Kg2 Na2 35. Rc2 Nb4 36. Rcd2 Rdd7 1/2-1/2

[Event "Karl Mala Memorial op 06th"]
[Site "Griesheim"]
[Date "2002.08.02"]
[Round "3"]
[White "Genkin, Michael"]
[Black "Winter, Lars"]
[Result "1-0"]
[WhiteElo "2296"]
[BlackElo "2085"]
[PlyCount "41"]
[EventDate "2002.08.??"]
[EventType "swiss"]
[EventRounds "7"]
[EventCountry "GER"]
[SourceTitle "EXT 2003"]
[Source "ChessBase"]
[SourceDate "2002.11.25"]
[SourceVersion "1"]
[SourceVersionDate "2002.11.25"]
[SourceQuality "1"]

1. d4 Nf6 2. c4 g6 3. g3 Bg7 4. Bg2 0-0 5. e4 d6 6. Ne2 Nbd7 7. 0-0 e5 8. Nbc3 exd4 9. Nxd4 Re8 10. h3 c6 11. Be3 Nc5 12. Qc2 a5 13. Rad1 Qe7 14. Rfe1 Nfd7 15. b3 Ne5 16. f4 Ned7 17. Bf2 Nf8 18. Qd2 Nfe6 19. Nde2 Bf8 20. g4 Bd7 21. f5 1-0